| 000 | 00460cam a2200205 4500 | ||
|---|---|---|---|
| 001 | D12199 | ||
| 008 | 090401t1947 xxu||||| |||| 00| 0 eng d | ||
| 035 | _a(Sirsi) u1862 | ||
| 041 | _aeng | ||
| 100 | _aBooth, E. Whitton | ||
| 245 | _aValuations for rating | ||
| 250 | _a4th | ||
| 260 |
_aLondon _bButterworth & Co _c1947 |
||
| 350 | _a0 | ||
| 520 | _aShelf 113 | ||
| 700 | _aAmes, F.A. | ||
| 700 | _aRowland, E. | ||
| 942 | _n0 | ||
| 948 | _c04/03/1997 | ||
| 999 |
_c85709 _d85709 |
||